000 00826nam a2200217 a 4500
001 000014005
005 20240409073638.0
008 091202s2009 dr ac 001 0 spa d
020 _a9789945131048
040 _aDO-SdBNP
_bspa
_cBNPHU
082 _a972.93053
_bB716m
100 1 _aBonnelly Valverde, Fredy,
_d1931-
_931687
245 1 0 _aMi paso por La 40 :
_bun testimonio /
_cFredy Bonnelly Valverde.
260 _aSanto Domingo :
_bMediabyte,
_c2009.
300 _a237 p. :
_bil., retrs. ;
_c23 cm.
500 _aIncluye datos biográficos del autor en la contracubierta.
650 4 _aPresos políticos
_zRepública Dominicana
_xRelatos personales
_931688
650 4 _aPrisiones
_zRepública Dominicana
_yERA DE TRUJILLO, 1930-1961
_xRelatos personales
_931689
910 _aValidado. Control de calidad EMS
049 _aBNPD
999 _c13609
_d13609